| 000 | 05226nam a22008297a 4500 | ||
|---|---|---|---|
| 001 | 1554 | ||
| 003 | FISKH | ||
| 005 | 20230906145055.0 | ||
| 008 | 230906b cb ||||| |||| 00| 0 eng d | ||
| 020 | _a9781471139802 | ||
| 040 |
_aYDX _beng _erda _cYDX _dBDX _dGK8 _dSFR _dJQW _dFM0 _dNYP _dYDX _dCWPCP _dVP@ _dOCLCF _dIMD _dUAB _dPAU _dIGA _dTUL _dVMI _dWLU _dW5F _dCOD _dTXHLC _dUPM _dB@L _dON8 _dQX7 _dIHV _dON3 _dZAC _dTCJ _dOCLCQ _dVKC _dFMU _dDYJ _dCHVBK _dOCLCO _dGFC _dCTU _dOCL _dGYG _dOCLCA _dBDP _dOCLCQ _dOCLCO _dOCLCQ _dOCLCO _dDLC _dFISKH |
||
| 042 | _alccopycat | ||
| 043 |
_aaw----- _ae-uk--- _an-us--- |
||
| 050 | 0 | 0 |
_aDS63.2.U5 _bB356 2018 |
| 082 | 0 | 4 |
_a956.04 _223 |
| 082 | 0 | 4 |
_a327.73056 _223 |
| 100 | 1 |
_aBarr, James, _d1976- _eauthor. |
|
| 245 | 1 | 0 |
_aLords of the desert : _bBritain's struggle with America to dominate the Middle East / _cJames Barr author of a line in the sand |
| 246 | 3 | 0 | _aBattle between the United States and Great Britain for supremacy in the modern Middle East |
| 264 | 1 |
_aNew York : _bSimon&Shuster, _c2019. |
|
| 264 | 4 | _c©2018 | |
| 300 |
_a401 pages : _billustrations ; _c20 cm |
||
| 336 |
_atext _btxt _2rdacontent |
||
| 337 |
_aunmediated _bn _2rdamedia |
||
| 338 |
_avolume _bnc _2rdacarrier |
||
| 386 |
_mGender group: _ngdr _aMen _2lcdgt |
||
| 386 |
_mNationality/regional group: _nnat _aEnglish _2lcdgt |
||
| 386 |
_mOccupational/field of activity group: _nocc _aUniversity and college faculty members _2lcdgt |
||
| 504 | _aIncludes bibliographical references (pages 429-442) and index. | ||
| 505 | 0 | _aHeading for Trouble (1941-1948). The beginning of the end -- The old imperialistic order -- Heading for trouble -- Sheep's eyes -- A pretty tough nut -- The Jewish problem -- Fight for Palestine -- Important Concessions (1947-1953). Eggs in one basket -- Exploring the wilder areas -- Going fifty-fifty -- An unfortunate turn -- Second fiddle -- Plotting Mosaddeq's downfall -- The man in the arena -- Descent to Suez (1953-1958). The gift of a gun -- Baghdad pact -- Overreach -- Ditching Nasser -- A sort of Jenkins' ear -- The Suez miscalculation -- Failed coups -- The year of revolutions -- Clinging On (1957-1967). Rebels on the Jebel -- Iraq and Kuwait -- Pandora's box -- Secret war -- Falling out. | |
| 520 | _a"Using newly declassified records and long-forgotten memoirs, including the diaries of a key British spy, James Barr tears up the conventional interpretation of this era in the Middle East, vividly portraying the tensions between London and Washington, and shedding an uncompromising light on the murkier activities of a generation of American and British diehards in the region, from the battle of El Alamein in 1942 to Britain's abandonment of Aden in 1967. Reminding us that the Middle East has always served as the arena for great power conflict, this is the tale of an internecine struggle in which Britain would discover that her most formidable rival was the ally she had assumed would be her closest friend"--Provided by publisher | ||
| 648 | 7 |
_aSince 1900 _2fast |
|
| 650 | 7 |
_aHISTORY _zEurope _zGreat Britain _x20th Century. _2bisacsh |
|
| 650 | 7 |
_aHISTORY _xMiddle East. _2bisacsh |
|
| 650 | 7 |
_aHISTORY _zUnited States _x20th Century. _2bisacsh |
|
| 650 | 7 |
_aPOLITICAL SCIENCE _xGeopolitics. _2bisacsh |
|
| 650 | 7 |
_aPOLITICAL SCIENCE _xInternational Relations. _2bisacsh |
|
| 650 | 7 |
_aPOLITICAL SCIENCE _xTerrorism. _2bisacsh |
|
| 650 | 7 |
_aDiplomatic relations. _2fast _0(OCoLC)fst01907412 |
|
| 650 | 7 |
_aPolitics and government. _2fast _0(OCoLC)fst01919741 |
|
| 650 | 7 |
_aAussenpolitik _2gnd |
|
| 651 | 0 |
_aMiddle East _xHistory _y20th century. |
|
| 651 | 0 |
_aMiddle East _xPolitics and government _y1945- |
|
| 651 | 0 |
_aGreat Britain _xForeign relations _zUnited States. |
|
| 651 | 0 |
_aUnited States _xForeign relations _zGreat Britain. |
|
| 651 | 0 |
_aMiddle East _xForeign relations _zGreat Britain. |
|
| 651 | 0 |
_aMiddle East _xForeign relations _zUnited States. |
|
| 651 | 0 |
_aGreat Britain _xForeign relations _zMiddle East. |
|
| 651 | 0 |
_aUnited States _xForeign relations _zMiddle East. |
|
| 651 | 0 |
_aUnited States _xForeign relations _y1945-1989. |
|
| 651 | 0 |
_aGreat Britain _xForeign relations _y1945- |
|
| 651 | 6 |
_aMoyen-Orient _xHistoire _y20e siècle. |
|
| 651 | 6 |
_aMoyen-Orient _xPolitique et gouvernement _y1945- |
|
| 651 | 6 |
_aGrande-Bretagne _xRelations extérieures _zÉtats-Unis. |
|
| 651 | 6 |
_aÉtats-Unis _xRelations extérieures _zGrande-Bretagne. |
|
| 651 | 6 |
_aMoyen-Orient _xRelations extérieures _zGrande-Bretagne. |
|
| 651 | 6 |
_aMoyen-Orient _xRelations extérieures _zÉtats-Unis. |
|
| 651 | 6 |
_aÉtats-Unis _xRelations extérieures _zMoyen-Orient. |
|
| 651 | 6 |
_aÉtats-Unis _xRelations extérieures _y1945-1989. |
|
| 651 | 6 |
_aGrande-Bretagne _xRelations extérieures _y1945- |
|
| 651 | 7 |
_aGreat Britain. _2fast _0(OCoLC)fst01204623 |
|
| 651 | 7 |
_aMiddle East. _2fast _0(OCoLC)fst01241586 |
|
| 651 | 7 |
_aUnited States. _2fast _0(OCoLC)fst01204155 |
|
| 651 | 7 |
_aGrossbritannien _2gnd |
|
| 651 | 7 |
_aMENA-Region _2gnd |
|
| 651 | 7 |
_aUSA _2gnd |
|
| 655 | 7 |
_aHistory. _2fast _0(OCoLC)fst01411628 |
|
| 906 |
_a7 _bcbc _ccopycat _d2 _eepcn _f20 _gy-gencatlg |
||
| 942 |
_2ddc _cBK _n0 |
||
| 999 |
_c1554 _d1554 |
||